|
|
|
|
| LEADER |
00000nab a2200000 a 4500 |
| 001 |
vtls000132995 |
| 003 |
SK-MaSNL |
| 005 |
20260304201052.0 |
| 008 |
111104c1982 xo 0 slo |
| 015 |
|
|
|a SNBRB19rr/mm-uuuuu
|
| 035 |
|
|
|a CL0143101
|
| 040 |
|
|
|a SNKBUCL
|b slo
|c SNKBUCL
|e AACR2
|
| 041 |
0 |
|
|a slo
|
| 044 |
|
|
|a xo
|c SK
|
| 080 |
|
|
|a 784.66
|2 1981
|
| 080 |
|
|
|a 78.01
|2 1981
|
| 100 |
1 |
|
|a Kinček, Július,
|d 1957-
|4 aut
|9 191941
|
| 245 |
1 |
0 |
|a Základné východiská estetického uvažovania III. 10. časť
|c Július Kinček
|
| 650 |
0 |
7 |
|a populárna hudba
|2 snkbucl
|9 3428
|
| 650 |
0 |
7 |
|a estetika
|2 snkbucl
|9 791
|
| 655 |
|
7 |
|a články z novín a časopisov
|2 snkbucl
|9 267496
|
| 773 |
0 |
|
|t Populár
|g Roč. 14, č. 10 (1982), s. 22-23 a 31
|
| 850 |
|
|
|a Slovenská národná knižnica v Martine
|a MTA001
|
| 852 |
|
|
|a SNK
|b KIS3GCP
|
| 958 |
|
|
|a RK
|
| 992 |
|
|
|a RBX
|
| 999 |
|
|
|c 3093049
|d 3094979
|